Départements français sans la première lettre - Statistiques

Statistiques générales
  • Ce quiz a été pris 112 fois
  • Le résultat moyen est 61 sur 101
Réponses sur la Carte
Les réponses sont colorées sur une échelle allant du rouge au vert en fonction du pourcentage des utilisateurs qui les ont devinées à leur premier essai. Vous pouvez retrouver ces pourcentages ci-dessous.
 
Statistiques - réponses
Départements % Correct
1 In
91%
83 Ar
84%
42 Oire
78%
59 Ord
76%
46 Ot
76%
2 Isne
72%
62 As-de-Calais
71%
75 Aris
70%
29 Inistère
70%
7 Rdèche
70%
3 Llier
68%
69 Hône
68%
45 Oiret
68%
14 Alvados
67%
73 Avoie
67%
26 Rôme
67%
2B Aute-Corse
66%
74 Aute-Savoie
66%
60 Ise
66%
2A Orse-du-Sud
66%
38 Sère
66%
11 Ude
66%
50 Anche
65%
56 Orbihan
65%
8 Rdennes
65%
10 Ube
65%
39 Ura
65%
15 Antal
63%
81 Arn
63%
16 Harente
63%
17 Harente-Maritime
63%
36 Ndre
63%
12 Veyron
63%
51 Arne
62%
84 Aucluse
62%
85 Endée
62%
34 Érault
62%
18 Her
62%
35 Lle-et-Vilaine
62%
30 Ard
61%
67 As-Rhin
61%
5 Autes-Alpes
61%
68 Aut-Rhin
61%
77 Eine-et-Marne
61%
54 Eurthe-et-Moselle
61%
4 Lpes-de-Haute-Provence
61%
6 Lpes-Maritimes
61%
89 Onne
61%
57 Oselle
61%
21 Ôte-d'Or
61%
13 Ouches-du-Rhône
61%
63 Uy-de-Dôme
61%
78 Velines
61%
40 Andes
59%
33 Ironde
59%
44 Oire-Atlantique
59%
22 Ôtes-d'Armor
59%
971 Uadeloupe
59%
27 Ure
59%
31 Aute-Garonne
58%
76 Eine-Maritime
58%
93 Eine-Saint-Denis
58%
32 Ers
58%
80 Omme
58%
23 Reuse
58%
91 Ssonne
58%
972 Artinique
57%
43 Aute-Loire
57%
79 Eux-Sèvres
57%
37 Ndre-et-Loire
57%
88 Osges
57%
47 Ot-et-Garonne
57%
9 Riège
57%
973 Uyane
57%
64 Yrénées-Atlantiques
57%
58 Ièvre
56%
41 Oir-et-Cher
56%
24 Ordogne
56%
19 Orrèze
56%
25 Oubs
56%
28 Ure-et-Loir
56%
95 Al-d'Oise
54%
974 A Réunion
54%
90 Erritoire de Belfort
54%
86 Ienne
54%
61 Rne
54%
66 Yrénées-Orientales
54%
53 Ayenne
53%
55 Euse
53%
94 Al-de-Marne
52%
71 Aône-et-Loire
52%
82 Arn-et-Garonne
52%
52 Aute-Marne
52%
87 Aute-Vienne
52%
49 Aine-et-Loire
51%
65 Autes-Pyrénées
51%
48 Ozère
51%
70 Aute-Saône
49%
72 Arthe
48%
92 Auts-de-Seine
48%
976 Ayotte
48%
Aucun quiz correspondant
Distribution des résultats
% des personnes avec chaque résultat
Percentile par nombre de réponses
Votre historique - résultats
Vous n’avez pas pris ce quiz